000 01365pam a2200325 a 4500
005 20260322212011.0
008 data
010 _a 90045225
020 _a0385265263 :
_c{dollar}21.95 ({dollar}26.95 Can.)
020 _a9780385265263 :
_c{dollar}21.95 ({dollar}26.95 Can.)
040 _aDLC
_cDLC
_dDLC
_dDLC
043 _an-us-il
050 0 0 _aHQ792.U5
_bK68 1991
082 0 0 _a305.23/09773/11
_220
099 _aKOTLOA
100 1 _aKotlowitz, Alex.
245 1 0 _aThere are no children here :
_bthe story of two boys growing up in the other America /
_cAlex Kotlowitz.
250 _a1st ed.
260 _aNew York :
_bDoubleday,
_cc1991.
300 _axi, 324 p. ;
_c25 cm.
504 _aIncludes bibliographical references (p. 315-316) and index.
650 0 _aChildren
_xSocial conditions
_vCase studies.
_zChicago
_zChicago
650 0 _aFamilies
_vCase studies.
_zChicago
_zChicago
650 0 _aInner cities
_vCase studies.
_zChicago
_zChicago
856 4 2 _3Publisher description
_uhttp://www.loc.gov/catdir/description/random0413/90045225.html
906 _a7
_bcbc
_corignew
_d1
_eocip
_f19
_gy-gencatlg
991 _bc-GenColl
_hHQ792.U5
_iK68 1991
_p00008481490
_tCopy 1
_wBOOKS
001 data
999 _c221
_d221